000 00747nam a2200301Ia 4500
008 171120s9999 xx 000 0 und d
020 _a9.7808572612e+012
050 _a948.02
050 _bG762 2011
100 _aGrant, Neil
245 4 _aThe vikings /
245 _cby Neil Grant.
260 _aLondon :
260 _bAlligator,
260 _c2011
300 _a46 pages :
300 _bsome color illustrations ;
300 _c28cm.
440 _aSpotlight guides.
500 _aIncludes glossary and index.
650 _aCivilian, Viking --
650 _aCivilian, Viking.
650 _aVikings --
650 _xJuvenile literature.
650 _xJuvenile literature.
700 _aSeries.
700 _aTitle.
999 _c345096
_d345096